000 00424nam a2200157Ia 4500
008 160316s1992 xxu||||| |||| 00| 0 eng d
082 _a345.000000
_bBHA
100 _aBhargava Rakesh
245 _aCriminal major acts law and practice
250 _a
260 _aAllahabad
_bTaxmann Allied Services (P) Ltd.
_c1992
300 _aVar
_b
_c
365 _b Gratis
650 _a1. Criminal Law
700 _aBharagava Mukesh
_a
999 _c24473
_d24473